00696nam a22001697a 4500003000400000005001700004008004100021040001800062100003600080245019700116260002300313650006300336650002500399650003700424700002700461856003800488OSt20240830121037.0240830b ||||| |||| 00| 0 eng d cAIMIT LIBRARY aFarzana N A, Fathimathe2216057 aAnalysing the impact of working capital management on profitability: a study of construction companies /bstudy of construction companies /cBy Fathimath Farzana N A ; Guided by Rajani Suresh. aBangalore ;c2024. aIndustry profile company profile and introduction to study aResearch methodology aData analysis and interpretation aSuresh, Rajani.eGuide 3NSL Constructions private limited